00579nam a2200157Ia 4500008004100000020001500041050001800056100002200074245004700096250001900143260003400162300002800196504003400224505014000258650002300398120720s1973 mx b 000 0 spa d a970050641X aD20 bB7 1973 aBrom, Juaneautor aEsbozo de historia universalc / Juan Brom a19a. edición aMéxicob : Grijalboc, 1973 a311 páginasb : mapas aBibliografía (pp. 295-311)  aPresentación La historia La prehistoria La antigüedad La Edad Media La Edad Moderna La Edad Contemporánea Consideraciones finales 0aHISTORIA UNIVERSAL